000 00600nam a2200193Ia 4500
999 _c34247
_d34247
003 OSt
005 20200911120758.0
008 190216s9999||||xx |||||||||||||| ||und||
020 _a9780070668980
040 _coclc
082 _a621.381
_bSCH/E
100 _aSchuler, Charles A
_94546
245 0 _aElectronics Principles And Applications /
_cCharles A Schuler ; Roger L Tokheim
250 _a6th Ed.
260 _bTata Mcgraw Hill Publishing Company Ltd,
_c2008.
_aNew Delhi:
300 _a327p
650 _aPhysics
942 _cBK
_2ddc
_h621.381
_iSCH/E
_k621.381
_mSCH/E